[Event "First Saturday IM Feb 2014"]
[Site "Budapest"]
[Date "2014.02.01"]
[Round "1.1"]
[White "To, Nhat Minh"]
[Black "Lyell, Mark"]
[Result "1-0"]
[WhiteElo "2357"]
[BlackElo "2186"]
[PlyCount "80"]
[EventDate "2014.02.01"]

1. e4 c6 2. d4 d5 3. Nc3 dxe4 4. Nxe4 Nf6 5. Nxf6+ gxf6 6. c3 Qd5 7. Be3 Rg8 8.
Nf3 Bf5 9. c4 Qa5+ 10. Bd2 Qb6 11. Bc3 Nd7 12. g3 Be4 13. Bd3 f5 14. Bxe4 fxe4
15. Nd2 c5 16. Nxe4 Qe6 17. Qe2 cxd4 18. Bxd4 Ne5 19. Bxe5 Qxe5 20. Nc3 Qxe2+
21. Kxe2 Rc8 22. b3 Bg7 23. Rac1 a6 24. Rhd1 Bh6 25. f4 Rg6 26. a4 Bg7 27. Nd5
h5 28. Kf3 f5 29. Ne3 e6 30. c5 Bf8 31. b4 a5 32. c6 bxc6 33. bxa5 Rg7 34. Nc4
c5 35. Rb1 Ra7 36. Rb6 Kf7 37. a6 Be7 38. Rb7 Rc7 39. Rxc7 Rxc7 40. Rd7 Rc6 1-0

[Event "First Saturday IM Feb 2014"]
[Site "Budapest"]
[Date "2014.02.01"]
[Round "1.2"]
[White "Nguyen, Thi Mai Hung"]
[Black "Tavoularis, Nicholas"]
[Result "1/2-1/2"]
[WhiteElo "2276"]
[BlackElo "2167"]
[PlyCount "112"]
[EventDate "2014.02.01"]

1. d4 d5 2. Nf3 Nf6 3. e3 g6 4. Bd3 Bg7 5. O-O O-O 6. b3 b6 7. Bb2 Bb7 8. c4 e6
9. Nc3 Nbd7 10. Qe2 c5 11. Rfd1 Qb8 12. cxd5 cxd4 13. Nxd4 Nxd5 14. Nxd5 Bxd5
15. Rac1 Rc8 16. Bb5 Rxc1 17. Rxc1 Nc5 18. b4 a6 19. Bc6 Bxd4 20. Bxa8 Bxb2 21.
Qxb2 Nd3 22. Qc2 Nxc1 23. Bxd5 exd5 24. Qxc1 Qe5 25. h3 Qe4 26. Qc8+ Kg7 27.
Qc3+ Kg8 28. a3 Qc4 29. Qf6 Qc1+ 30. Kh2 Qxa3 31. Qxb6 Qd3 32. Kg3 h5 33. Qb8+
Kg7 34. Qe5+ Kg8 35. Qf4 Qb5 36. Qd4 a5 37. bxa5 Qxa5 38. Kf4 Qd8 39. Kf3 Qa8
40. g4 hxg4+ 41. hxg4 Qc6 42. g5 Qe6 43. Qf6 Qh3+ 44. Kf4 Qh2+ 45. Kf3 Qh3+ 46.
Ke2 Qg4+ 47. Kd2 Qc4 48. f4 Qa2+ 49. Kd3 Qc4+ 50. Kd2 Qa2+ 51. Ke1 Qb1+ 52. Kf2
Qc2+ 53. Kg3 Qd2 54. Qe5 Qe1+ 55. Kf3 Qf1+ 56. Kg3 Qg1+ 1/2-1/2

[Event "First Saturday IM Feb 2014"]
[Site "Budapest"]
[Date "2014.02.01"]
[Round "1.3"]
[White "Bagi, Mate"]
[Black "Szalanczy, Emil"]
[Result "1/2-1/2"]
[WhiteElo "2385"]
[BlackElo "2216"]
[PlyCount "87"]
[EventDate "2014.02.01"]

1. e4 c5 2. Nf3 d6 3. d4 cxd4 4. Nxd4 Nf6 5. Nc3 g6 6. Be3 Bg7 7. f3 Nc6 8. Qd2
Bd7 9. O-O-O h5 10. Kb1 a6 11. h3 Rc8 12. Be2 h4 13. Rhe1 Nh5 14. Nd5 Ng3 15.
Nb3 Be6 16. Bb6 Qd7 17. Bd3 Ne5 18. Bd4 Bxd5 19. exd5 Kf8 20. Qb4 Nxd3 21. Rxd3
Nf5 22. Bxg7+ Kxg7 23. Nd4 Rc7 24. Nxf5+ Qxf5 25. Re4 Rhc8 26. Rd2 g5 27. Qd4+
Qf6 28. Qe3 Qf5 29. Qd4+ Qf6 30. Qe3 Qf5 31. a3 b5 32. Rg4 f6 33. Re4 Kg6 34.
Qe2 Rc5 35. Rxe7 Rxd5 36. Rxd5 Qxd5 37. Re3 Rc4 38. c3 Qf5+ 39. Rd3 Rc8 40. Ka1
d5 41. Qd2 Rd8 42. Rd4 a5 43. a4 bxa4 44. Rxa4 1/2-1/2

[Event "First Saturday IM Feb 2014"]
[Site "Budapest"]
[Date "2014.02.01"]
[Round "1.4"]
[White "Horvath, David"]
[Black "Sliwicki, Damian"]
[Result "0-1"]
[WhiteElo "2339"]
[BlackElo "2095"]
[PlyCount "90"]
[EventDate "2014.02.01"]

1. c4 Nf6 2. Nf3 g6 3. g3 Bg7 4. Bg2 O-O 5. O-O c6 6. Qc2 d5 7. b3 Bg4 8. Bb2
Nbd7 9. d3 Bxf3 10. Bxf3 e5 11. e3 Re8 12. cxd5 cxd5 13. Nc3 Rc8 14. Qd2 Nc5
15. Rfd1 Qd7 16. Rac1 b6 17. d4 Qf5 18. dxc5 Qxf3 19. cxb6 d4 20. Qe2 Qb7 21.
Nb5 Rxc1 22. Rxc1 Qxb6 23. exd4 exd4 24. Qd3 Nd7 25. Bxd4 Bxd4 26. Nxd4 Ne5 27.
Qb5 Qd8 28. Rc5 a6 29. Qa4 Nd3 30. Rc3 Re1+ 31. Kg2 Qd5+ 32. Nf3 Ne5 33. Qd4
Rg1+ 34. Kh3 Qe6+ 35. Kh4 Qf6+ 36. Kh3 Qe6+ 37. Kh4 g5+ 38. Kxg5 h6+ 39. Kh4
Qf6+ 40. Kh3 Qe6+ 41. g4 Nxg4 42. Kh4 Qe7+ 43. Kh5 Nf6+ 44. Kh4 Ne4+ 45. Kh3
Qe6+ 0-1

[Event "First Saturday IM Feb 2014"]
[Site "Budapest"]
[Date "2014.02.01"]
[Round "1.5"]
[White "Westerberg, Jonathan"]
[Black "Szeberenyi, Adam"]
[Result "1/2-1/2"]
[WhiteElo "2397"]
[BlackElo "2312"]
[PlyCount "120"]
[EventDate "2014.02.01"]

1. e4 c5 2. Nc3 d6 3. f4 Nc6 4. Nf3 g6 5. Bc4 Bg7 6. O-O e6 7. d3 Nge7 8. Qe1
O-O 9. f5 d5 10. Bb3 gxf5 11. exd5 exd5 12. Qh4 Be6 13. Ng5 h6 14. Nxe6 fxe6
15. Bxh6 Ng6 16. Qh5 Qh4 17. Qxh4 Nxh4 18. Bg5 Bf6 19. Bxf6 Rxf6 20. g3 Ng6 21.
Rae1 Nd4 22. Ne2 Nxb3 23. axb3 e5 24. Nc3 Rd8 25. h4 d4 26. Ne4 Rff8 27. Nxc5
Rd5 28. Ne6 Rf6 29. Ng5 Ne7 30. g4 Kg7 31. Nf3 fxg4 32. Nxe5 Rxf1+ 33. Kxf1 g3
34. Kg2 Nf5 35. Nf3 Rc5 36. Re2 Kf6 37. Kh3 Rc8 38. Ng5 Rh8 39. Re6+ Kg7 40.
Re4 Kf6 41. Rg4 g2 42. Nf3 Ne3 43. Rxd4 Rg8 44. Rf4+ Ke6 45. Ng1 Nxc2 46. Rf2
Nb4 47. Rxg2 Rxg2 48. Kxg2 Nxd3 49. Kf3 Nxb2 50. Ke2 a5 51. Kd2 a4 52. Kc2 a3
53. Nf3 Kf6 54. Nd4 Kg6 55. b4 Kh5 56. Kb3 b5 57. Nf3 Nd3 58. Kxa3 Kg4 59. Nd4
Nxb4 60. Kxb4 Kxh4 1/2-1/2

[Event "First Saturday IM Feb 2014"]
[Site "Budapest"]
[Date "2014.02.02"]
[Round "2.1"]
[White "Lyell, Mark"]
[Black "Szeberenyi, Adam"]
[Result "1-0"]
[WhiteElo "2186"]
[BlackElo "2312"]
[PlyCount "61"]
[EventDate "2014.02.01"]

1. e4 c5 2. Nc3 Nc6 3. Bb5 Nd4 4. Bc4 d6 5. Nge2 Nxe2 6. Qxe2 e6 7. O-O a6 8.
d3 b5 9. Bb3 Nf6 10. f4 b4 11. e5 bxc3 12. exf6 Qxf6 13. bxc3 Be7 14. Ba4+ Bd7
15. Qe4 d5 16. Bxd7+ Kxd7 17. Qa4+ Kc7 18. Bd2 Rhb8 19. Rab1 Bd8 20. Rxb8 Rxb8
21. Qxa6 Rb6 22. Qa3 Kc6 23. Be3 Qe7 24. Bf2 Qd6 25. c4 d4 26. f5 exf5 27. Bg3
f4 28. Bxf4 Qe6 29. Qa4+ Kb7 30. Qa5 Qf5 31. Bc7 1-0

[Event "First Saturday IM Feb 2014"]
[Site "Budapest"]
[Date "2014.02.02"]
[Round "2.2"]
[White "Sliwicki, Damian"]
[Black "Westerberg, Jonathan"]
[Result "0-1"]
[WhiteElo "2095"]
[BlackElo "2397"]
[PlyCount "66"]
[EventDate "2014.02.01"]

1. e4 c5 2. Nf3 Nc6 3. d4 cxd4 4. Nxd4 Nf6 5. Nc3 e6 6. Ndb5 d6 7. Bf4 e5 8.
Bg5 a6 9. Na3 b5 10. Bxf6 gxf6 11. Nd5 Bg7 12. c4 f5 13. cxb5 Nd4 14. b6 O-O
15. Bc4 fxe4 16. O-O Kh8 17. Nc2 Rb8 18. a4 Qg5 19. Kh1 Be6 20. a5 Rfc8 21.
Nxd4 exd4 22. Bxa6 Bxd5 23. Bxc8 Rxc8 24. g3 e3+ 25. Kg1 Qf5 26. Rc1 Re8 27.
Qa4 exf2+ 28. Rxf2 Qe4 29. Qxe8+ Qxe8 30. a6 Bh6 31. Ra1 Qe4 32. Kf1 Qh1+ 33.
Ke2 Bc4# 0-1

[Event "First Saturday IM Feb 2014"]
[Site "Budapest"]
[Date "2014.02.02"]
[Round "2.3"]
[White "Szalanczy, Emil"]
[Black "Horvath, David"]
[Result "0-1"]
[WhiteElo "2216"]
[BlackElo "2339"]
[PlyCount "72"]
[EventDate "2014.02.01"]

1. e4 e6 2. d4 d5 3. Nc3 Nf6 4. e5 Nfd7 5. Nce2 c5 6. c3 Nc6 7. Nf3 Qb6 8. a3
cxd4 9. cxd4 f6 10. exf6 Nxf6 11. Nc3 Bd6 12. Bd3 O-O 13. O-O Bd7 14. Bc2 Be8
15. Qe2 Bf7 16. Nb5 Bb8 17. Be3 a6 18. Nc3 Bh5 19. Rad1 Qc7 20. g3 Ne4 21. Nxe4
Bxf3 22. Qxf3 Rxf3 23. Ng5 Rf5 24. Nxe6 Qf7 25. Ng5 Rxg5 26. Bxg5 Ba7 27. Be3
Qf6 28. Bb3 Rd8 29. Rd3 Bxd4 30. Rfd1 Bxe3 31. fxe3 Qxb2 32. e4 Ne5 33. Re3 Ng4
34. Rf3 Qxh2+ 35. Kf1 Qh1+ 36. Ke2 Qg2+ 0-1

[Event "First Saturday IM Feb 2014"]
[Site "Budapest"]
[Date "2014.02.02"]
[Round "2.4"]
[White "Tavoularis, Nicholas"]
[Black "Bagi, Mate"]
[Result "0-1"]
[WhiteElo "2167"]
[BlackElo "2385"]
[PlyCount "134"]
[EventDate "2014.02.01"]

1. d4 Nf6 2. Nf3 c5 3. c3 g6 4. Bg5 Bg7 5. Nbd2 O-O 6. e3 d5 7. Bd3 Qb6 8. Qb1
Nc6 9. O-O Re8 10. Re1 Bd7 11. a4 e5 12. a5 Qc7 13. dxe5 Ng4 14. e4 d4 15. cxd4
cxd4 16. Nc4 Ncxe5 17. Ncxe5 Nxe5 18. Nxe5 Qxe5 19. Qc2 Rac8 20. Qd2 a6 21. Bf4
Qe6 22. Qb4 Bc6 23. Rac1 Qd7 24. Bd6 Rcd8 25. Bg3 Bf8 26. Qb6 Rc8 27. Rcd1 Qd8
28. Qb3 Qd7 29. Qb6 Bg7 30. f3 Qd8 31. b3 Bf8 32. Bc4 Qxb6 33. axb6 Bb4 34. Re2
Bc5 35. Bf2 Rcd8 36. Red2 Bxb6 37. Kf1 Rd7 38. Bxd4 Red8 39. Bc3 Rxd2 40. Rxd2
Rxd2 41. Bxd2 Bc7 42. h3 b5 43. Bd5 Bxd5 44. exd5 Kf8 45. Ke2 Ke7 46. Kd3 a5
47. g4 Kd7 48. Kd4 a4 49. bxa4 bxa4 50. Kc4 Bd6 51. Ba5 Be5 52. Kb4 Bc7 53.
Kxa4 Bxa5 54. Kxa5 Kd6 55. Kb6 f5 56. Kb7 f4 57. h4 Kxd5 58. Kc7 Kd4 59. h5
gxh5 60. gxh5 Ke3 61. Kd6 Kxf3 62. Ke5 Kg4 63. h6 f3 64. Kf6 f2 65. Kg7 f1=Q
66. Kxh7 Qf7+ 67. Kh8 Kg5 0-1

[Event "First Saturday IM Feb 2014"]
[Site "Budapest"]
[Date "2014.02.02"]
[Round "2.5"]
[White "To, Nhat Minh"]
[Black "Nguyen, Thi Mai Hung"]
[Result "1/2-1/2"]
[WhiteElo "2357"]
[BlackElo "2276"]
[PlyCount "163"]
[EventDate "2014.02.01"]

1. d4 d5 2. c4 c6 3. cxd5 cxd5 4. Bf4 Nc6 5. e3 Nf6 6. Nc3 Bf5 7. Qb3 Na5 8.
Bb5+ Bd7 9. Qa4 Nc6 10. Nf3 a6 11. Bxc6 bxc6 12. Qc2 e6 13. O-O Be7 14. Bg5 O-O
15. Na4 h6 16. Bxf6 Bxf6 17. Nc5 Qc7 18. Rac1 Rfb8 19. Qe2 Rb6 20. Rc2 Be8 21.
Rfc1 Qb8 22. b3 a5 23. h3 Rb5 24. e4 Be7 25. Ne5 Bxc5 26. Rxc5 Rxc5 27. Rxc5 a4
28. exd5 axb3 29. axb3 cxd5 30. Qb2 Bb5 31. g3 f6 32. Ng4 Bc4 33. Qc2 Qxb3 34.
Qg6 Qb7 35. Ra5 Rf8 36. Nxh6+ Kh8 37. Ng4 Qf7 38. Qc2 Qb7 39. Ne3 Rc8 40. Qd1
Kg8 41. Kg2 Qb6 42. Ra1 Rb8 43. Rc1 Bb3 44. Qg4 Ba2 45. h4 Bb1 46. Rxb1 Qxb1
47. Qxe6+ Kh8 48. Qxd5 Qb7 49. Qxb7 Rxb7 50. h5 Kg8 51. Nf5 Rb5 52. g4 Kh7 53.
Kg3 g6 54. hxg6+ Kxg6 55. Kf4 Ra5 56. f3 Kf7 57. Ke4 Ra3 58. Ne3 Ra5 59. Nf5
Ra4 60. Nd6+ Ke7 61. Nb7 Rb4 62. Nc5 Rb1 63. Kf5 Rb4 64. Ne4 Rb6 65. d5 Kf7 66.
f4 Ra6 67. g5 fxg5 68. Nxg5+ Ke7 69. Ke5 Ra1 70. Ne4 Re1 71. f5 Kd7 72. f6 Re2
73. d6 Ke8 74. Kd5 Re1 75. Kd4 Rd1+ 76. Ke5 Re1 77. Kf5 Kd7 78. f7 Rf1+ 79. Kg6
Ke6 80. Ng5+ Kxd6 81. Nh7 Rxf7 82. Kxf7 1/2-1/2

[Event "First Saturday IM Feb 2014"]
[Site "Budapest"]
[Date "2014.02.03"]
[Round "3.1"]
[White "Nguyen, Thi Mai Hung"]
[Black "Lyell, Mark"]
[Result "1/2-1/2"]
[WhiteElo "2276"]
[BlackElo "2186"]
[PlyCount "72"]
[EventDate "2014.02.01"]

1. d4 f5 2. Bf4 Nf6 3. e3 e6 4. Nf3 b6 5. Bd3 Bb7 6. Nbd2 Nc6 7. c3 Nh5 8. Qe2
Nxf4 9. exf4 Bd6 10. Ne5 Qh4 11. O-O-O Nxe5 12. fxe5 Be7 13. f3 O-O 14. Kb1 c5
15. dxc5 bxc5 16. Bb5 Rfd8 17. Nc4 Bd5 18. Ne3 Bc6 19. g3 Bxb5 20. Qxb5 a6 21.
Qb3 Qh3 22. Rxd7 Kf7 23. Rhd1 Rab8 24. Rxd8 Rxb3 25. R1d7 f4 26. gxf4 Rb5 27.
a4 Rb6 28. Ka2 Qxh2 29. Nc4 Rc6 30. Nd6+ Kg6 31. Rxe7 Qxf4 32. Rdd7 Qxa4+ 33.
Kb1 Qd1+ 34. Ka2 Qa4+ 35. Kb1 Qd1+ 36. Ka2 Qa4+ 1/2-1/2

[Event "First Saturday IM Feb 2014"]
[Site "Budapest"]
[Date "2014.02.03"]
[Round "3.2"]
[White "Bagi, Mate"]
[Black "To, Nhat Minh"]
[Result "0-1"]
[WhiteElo "2385"]
[BlackElo "2357"]
[PlyCount "68"]
[EventDate "2014.02.01"]

1. d4 d6 2. e4 Nf6 3. Nc3 e5 4. Nf3 Nbd7 5. Rg1 g6 6. g4 Bg7 7. g5 Nh5 8. Be3
O-O 9. Qd2 f5 10. gxf6 Qxf6 11. Be2 Nf4 12. Bxf4 Qxf4 13. Qxf4 Rxf4 14. Nd5
Rxe4 15. Nxc7 Rb8 16. Ng5 Rxd4 17. Nb5 Rh4 18. Nxd6 Nb6 19. Nxc8 Rxc8 20. c3
Rxh2 21. Bg4 Re8 22. Nf3 Rh6 23. Rd1 e4 24. Ng5 Bf6 25. Ne6 Rh2 26. Nc7 Re5 27.
Rd6 Bh4 28. Re6 Nc4 29. Rf1 e3 30. Ke2 Bxf2 31. Rxe5 Nxe5 32. Be6+ Kg7 33. Ne8+
Kf8 34. Nf6 Bg1+ 0-1

[Event "First Saturday IM Feb 2014"]
[Site "Budapest"]
[Date "2014.02.03"]
[Round "3.3"]
[White "Horvath, David"]
[Black "Tavoularis, Nicholas"]
[Result "1-0"]
[WhiteElo "2339"]
[BlackElo "2167"]
[PlyCount "75"]
[EventDate "2014.02.01"]

1. c4 c5 2. Nc3 Nc6 3. Nf3 e5 4. g3 g6 5. Bg2 Bg7 6. O-O Nge7 7. d3 O-O 8. a3
a6 9. Rb1 Rb8 10. Qa4 Nd4 11. Nxd4 cxd4 12. Nd5 Nxd5 13. Bxd5 d6 14. Bd2 Bd7
15. Qc2 Bc6 16. Bxc6 bxc6 17. b4 Qd7 18. a4 h5 19. Kg2 h4 20. f3 f5 21. b5 cxb5
22. cxb5 axb5 23. axb5 Rfc8 24. Qb3+ Kh7 25. Rfc1 Rxc1 26. Bxc1 Bh6 27. b6 Rb7
28. Bxh6 Kxh6 29. Qg8 g5 30. gxh4 gxh4 31. Kf2 Qg7 32. Qd8 Qg5 33. Qh8+ Rh7 34.
Qxh7+ Kxh7 35. b7 e4 36. b8=Q Qe3+ 37. Kf1 exd3 38. Rb7+ 1-0

[Event "First Saturday IM Feb 2014"]
[Site "Budapest"]
[Date "2014.02.03"]
[Round "3.4"]
[White "Westerberg, Jonathan"]
[Black "Szalanczy, Emil"]
[Result "1/2-1/2"]
[WhiteElo "2397"]
[BlackElo "2216"]
[PlyCount "103"]
[EventDate "2014.02.01"]

1. e4 c5 2. d4 cxd4 3. c3 Nf6 4. e5 Nd5 5. Nf3 Nc6 6. Bc4 Nb6 7. Bb3 d5 8. exd6
Qxd6 9. O-O Be6 10. Na3 Bxb3 11. Qxb3 Qd5 12. Nb5 Qxb3 13. axb3 Rc8 14. Nbxd4
Nxd4 15. Nxd4 a6 16. b4 Nd5 17. b5 axb5 18. Nxb5 e6 19. Ra7 Bc5 20. Rxb7 O-O
21. Rd1 Rfd8 22. g3 h5 23. h4 Nf6 24. Rxd8+ Rxd8 25. b4 Rd1+ 26. Kg2 Bxf2 27.
Kxf2 Rxc1 28. Nd6 Rxc3 29. b5 Rd3 30. Rb8+ Kh7 31. Nxf7 Ne4+ 32. Ke2 Rxg3 33.
b6 Rb3 34. b7 Kg6 35. Ne5+ Kf5 36. Rf8+ Kxe5 37. b8=Q+ Rxb8 38. Rxb8 Ng3+ 39.
Kf3 Nf5 40. Rb5+ Kf6 41. Rb4 g6 42. Ra4 g5 43. hxg5+ Kxg5 44. Ra8 Nh4+ 45. Ke4
Ng6 46. Ra6 h4 47. Rxe6 h3 48. Kf3 h2 49. Re1 Kh4 50. Kg2 Nf4+ 51. Kxh2 Kg4 52.
Re3 1/2-1/2

[Event "First Saturday IM Feb 2014"]
[Site "Budapest"]
[Date "2014.02.03"]
[Round "3.5"]
[White "Szeberenyi, Adam"]
[Black "Sliwicki, Damian"]
[Result "1-0"]
[WhiteElo "2312"]
[BlackElo "2095"]
[PlyCount "83"]
[EventDate "2014.02.01"]

1. d4 d5 2. c4 c6 3. Nc3 Nf6 4. e3 e6 5. Nf3 Nbd7 6. Qc2 Bd6 7. e4 dxe4 8. Nxe4
Nxe4 9. Qxe4 c5 10. Bg5 Be7 11. Bxe7 Qa5+ 12. Ke2 Kxe7 13. g3 Qb6 14. b3 cxd4
15. Qxd4 Qxd4 16. Nxd4 Rd8 17. Bg2 Nc5 18. Nc2 a5 19. Rhd1 Bd7 20. Rd2 Be8 21.
Rad1 f6 22. Rxd8 Rxd8 23. Rxd8 Kxd8 24. f4 Bg6 25. Nd4 e5 26. fxe5 fxe5 27. Nb5
a4 28. b4 Nd3 29. a3 Nb2 30. Nd6 Bd3+ 31. Kd2 Kc7 32. Ne8+ Kd7 33. Nxg7 Bg6 34.
Bf1 Ke7 35. g4 Kf6 36. Nf5 Kg5 37. Be2 e4 38. Ne7 Bf7 39. Ke3 Kf6 40. Nd5+ Bxd5
41. cxd5 Ke5 42. d6 1-0

[Event "First Saturday IM Feb 2014"]
[Site "Budapest"]
[Date "2014.02.04"]
[Round "4.1"]
[White "Lyell, Mark"]
[Black "Sliwicki, Damian"]
[Result "0-1"]
[WhiteElo "2186"]
[BlackElo "2095"]
[PlyCount "134"]
[EventDate "2014.02.01"]

1. e4 e5 2. Nf3 Nc6 3. Bc4 Bc5 4. b4 Bxb4 5. c3 Ba5 6. d4 exd4 7. Qb3 Qe7 8.
O-O Bb6 9. Ba3 d6 10. cxd4 Nxd4 11. Nxd4 Bxd4 12. Nc3 Nf6 13. e5 Bxe5 14. Rae1
O-O 15. f4 Bd4+ 16. Kh1 Qd7 17. Nb5 Bb6 18. Bb2 Qd8 19. Qg3 a6 20. Nd4 d5 21.
Bd3 c5 22. Nf5 Bxf5 23. Bxf5 d4 24. Ba3 Re8 25. Rxe8+ Qxe8 26. Qf3 Qc6 27. Qxc6
bxc6 28. Rb1 Ba7 29. Bd3 a5 30. g3 Nd5 31. Rb7 g6 32. Bc4 Kg7 33. h4 h5 34. Kg1
Kf6 35. Kf2 a4 36. Kg1 d3 37. Kf2 d2 38. Bb2+ Ke6 39. Ke2 Rb8 40. Rxb8 Bxb8 41.
Kxd2 Bc7 42. Ke2 Ba5 43. Kf3 Ke7 44. Be2 Bc3 45. Bc1 f5 46. Bd1 Nb6 47. Ke2 Kd6
48. Kf2 c4 49. Ba3+ c5 50. Kf3 Be1 51. Bc1 Kd5 52. Be3 c3 53. Bc2 Kc4 54. a3
Bd2 55. Ke2 Bxe3 56. Kxe3 Kb5 57. Kd3 Nc4 58. Kxc3 Nxa3 59. Bd1 Ka5 60. Bf3
Nb5+ 61. Kb2 Kb4 62. Bd5 a3+ 63. Ka1 c4 64. Bf7 c3 65. Kb1 Nd4 66. Kc1 Nb3+ 67.
Kb1 c2+ 0-1

[Event "First Saturday IM Feb 2014"]
[Site "Budapest"]
[Date "2014.02.04"]
[Round "4.2"]
[White "Szalanczy, Emil"]
[Black "Szeberenyi, Adam"]
[Result "0-1"]
[WhiteElo "2216"]
[BlackElo "2312"]
[PlyCount "98"]
[EventDate "2014.02.01"]

1. e4 e6 2. d4 d5 3. Nc3 dxe4 4. Nxe4 Bd7 5. Nf3 Bc6 6. Bd3 Nd7 7. Qe2 Ngf6 8.
Bg5 Be7 9. O-O-O Bxe4 10. Bxe4 Nxe4 11. Bxe7 Nc3 12. Qc4 Nxa2+ 13. Qxa2 Qxe7
14. d5 e5 15. Rhe1 O-O 16. Re3 Rfe8 17. h4 Qd6 18. Rde1 Rad8 19. g4 Nf6 20.
Nxe5 Qxd5 21. Qxd5 Nxd5 22. Re4 f6 23. Nd3 Kf7 24. Rxe8 Rxe8 25. Rxe8 Kxe8 26.
c4 Nb6 27. b3 Nd7 28. f4 Ke7 29. Kd2 Kd6 30. Nf2 a5 31. Ne4+ Kc6 32. Kc3 b5 33.
cxb5+ Kxb5 34. h5 Nb6 35. Kd4 Kb4 36. Nc5 c6 37. Nb7 Nd7 38. g5 fxg5 39. fxg5
c5+ 40. Kd5 h6 41. gxh6 gxh6 42. Ke6 c4 43. Nxa5 c3 44. Nc6+ Kc5 45. Kxd7 c2
46. Ne5 Kd4 47. Nc6+ Ke4 48. b4 c1=Q 49. b5 Qc5 0-1

[Event "First Saturday IM Feb 2014"]
[Site "Budapest"]
[Date "2014.02.04"]
[Round "4.3"]
[White "Tavoularis, Nicholas"]
[Black "Westerberg, Jonathan"]
[Result "1/2-1/2"]
[WhiteElo "2167"]
[BlackElo "2397"]
[PlyCount "142"]
[EventDate "2014.02.01"]

1. e4 e6 2. d4 d5 3. exd5 exd5 4. Bd3 Bd6 5. Nf3 Bg4 6. O-O Nc6 7. c3 Qd7 8. a4
Nge7 9. Na3 a6 10. Re1 O-O 11. Nc2 Kh8 12. Ne3 Bh5 13. Nf1 f6 14. Ng3 Bg6 15.
Ne2 Bxd3 16. Qxd3 Ng6 17. Ng3 Rfe8 18. Bd2 Bxg3 19. hxg3 Na5 20. Qc2 Nc4 21. b3
Nd6 22. Nh2 Ne4 23. Nf1 Qf5 24. Bf4 Nxf4 25. Ne3 Nh3+ 26. gxh3 Qxh3 27. Nxd5
Ng5 28. Qd3 Qh5 29. Kg2 Qh3+ 30. Kg1 Qh5 31. Kg2 Qf7 32. c4 c6 33. Nf4 Qd7 34.
Rad1 Kg8 35. d5 cxd5 36. Qxd5+ Qxd5+ 37. Nxd5 Kf7 38. f4 Ne6 39. Rh1 Rh8 40. b4
a5 41. Nb6 Rad8 42. bxa5 Nd4 43. Rd2 Nf5 44. Nd5 Ne3+ 45. Kf3 Nxc4 46. Rc2 Rxd5
47. Rxc4 Rxa5 48. Rc7+ Kg6 49. g4 h6 50. f5+ Kh7 51. Rb1 Rxa4 52. Rbxb7 Rg8 53.
Kg3 h5 54. gxh5 Kh6 55. Rd7 Rc8 56. Rdc7 Rxc7 57. Rxc7 Ra3+ 58. Kg4 Ra1 59. Rc8
Rg1+ 60. Kf4 Kh7 61. Rf8 Rh1 62. Kg4 Rh2 63. Rc8 Rg2+ 64. Kf4 Rg5 65. h6 gxh6
66. Rc7+ Rg7 67. Rxg7+ Kxg7 68. Kg4 Kf7 69. Kh5 Kg7 70. Kg4 Kg8 71. Kh5 Kh7
1/2-1/2

[Event "First Saturday IM Feb 2014"]
[Site "Budapest"]
[Date "2014.02.04"]
[Round "4.4"]
[White "To, Nhat Minh"]
[Black "Horvath, David"]
[Result "1/2-1/2"]
[WhiteElo "2357"]
[BlackElo "2339"]
[PlyCount "81"]
[EventDate "2014.02.01"]

1. e4 e6 2. d4 d5 3. Nc3 Nf6 4. e5 Nfd7 5. f4 c5 6. Nf3 Nc6 7. Be3 Be7 8. Qd2
O-O 9. dxc5 Bxc5 10. O-O-O Qb6 11. Nd4 Nxd4 12. Bxd4 Bxd4 13. Qxd4 Qxd4 14.
Rxd4 Nb8 15. Rd2 Nc6 16. b3 g5 17. fxg5 Nxe5 18. Bd3 Kg7 19. Rf1 Rh8 20. Re2
Nxd3+ 21. cxd3 Bd7 22. Ref2 Be8 23. Rf6 Rc8 24. Kb2 Rc7 25. Rh6 d4 26. Ne2 Bb5
27. Rf3 Bc6 28. Rf2 Bb5 29. Nf4 Rhc8 30. a4 Ba6 31. Rf3 Kg8 32. Rfh3 Rc2+ 33.
Ka3 R8c5 34. Rxh7 Rxg5 35. Rh8+ Kg7 36. Rd8 e5 37. Nh5+ Kh7 38. Nf4+ Kg7 39.
Nh5+ Kh7 40. Nf4+ Kg7 41. Nh5+ 1/2-1/2

[Event "First Saturday IM Feb 2014"]
[Site "Budapest"]
[Date "2014.02.04"]
[Round "4.5"]
[White "Nguyen, Thi Mai Hung"]
[Black "Bagi, Mate"]
[Result "0-1"]
[WhiteElo "2276"]
[BlackElo "2385"]
[PlyCount "90"]
[EventDate "2014.02.01"]

1. d4 Nf6 2. Nf3 g6 3. Bg5 Bg7 4. Nbd2 d5 5. e3 O-O 6. c3 c5 7. Bd3 Qb6 8. Rb1
Nc6 9. O-O Re8 10. Re1 cxd4 11. exd4 e5 12. Nxe5 Nxe5 13. dxe5 Ng4 14. Bh4 Nxe5
15. Qb3 Bd7 16. Bc2 Qxb3 17. Nxb3 Nc4 18. f3 Rxe1+ 19. Bxe1 Re8 20. Bf2 Re2 21.
Na1 b6 22. Rd1 Bc6 23. Kf1 Re8 24. b3 Nb2 25. Rc1 Bxc3 26. Bxg6 d4 27. Bf5 Bb5+
28. Kg1 Nd3 29. Bxd3 Bxd3 30. b4 Bc4 31. Rd1 Be2 32. Rb1 d3 33. Nb3 d2 34. Nxd2
Bxd2 35. a4 Rc8 36. a5 bxa5 37. bxa5 a6 38. Bd4 Bxa5 39. Rb7 Bb5 40. Kf2 Bc3
41. Be3 Ra8 42. g4 Be8 43. h4 a5 44. Bc5 a4 45. Ba3 Bg7 0-1

[Event "First Saturday IM Feb 2014"]
[Site "Budapest"]
[Date "2014.02.05"]
[Round "5.1"]
[White "Bagi, Mate"]
[Black "Lyell, Mark"]
[Result "1-0"]
[WhiteElo "2385"]
[BlackElo "2186"]
[PlyCount "139"]
[EventDate "2014.02.01"]

1. d4 Nf6 2. Bg5 d5 3. Bxf6 gxf6 4. e3 c5 5. c4 cxd4 6. Qxd4 Nc6 7. Qxd5 Qb6 8.
Qb5 Qxb5 9. cxb5 Nb4 10. Na3 Be6 11. Nf3 Bxa2 12. Be2 f5 13. O-O Bg7 14. Nc2
Nxc2 15. Rxa2 O-O 16. Ra4 Rfc8 17. Bd3 Bxb2 18. Rb1 Rc3 19. Ne5 Ba3 20. Bxc2
Bd6 21. Bxf5 Bxe5 22. Be4 Rac8 23. g3 Rc1+ 24. Rxc1 Rxc1+ 25. Kg2 Ra1 26. Rc4
b6 27. Bd3 h6 28. Rc2 Ra3 29. Be2 Kg7 30. Kf3 Ra4 31. Bc4 Rb4 32. Be2 Rb2 33.
Rc8 Bd6 34. Bd3 Rd2 35. Be2 Rb2 36. h4 Ra2 37. Rc4 Ra3 38. Rg4+ Kf8 39. Kg2 Ra2
40. Bd3 Be5 41. Bh7 e6 42. Bd3 Bd6 43. Rc4 Kg7 44. Rc1 Be5 45. Bc4 Rb2 46. Rd1
Rc2 47. Bd3 Ra2 48. Bf1 Bc3 49. Kf3 Ra4 50. Rd7 Kf6 51. Be2 Kg7 52. Kg2 Kf6 53.
Bh5 a5 54. bxa6 Rxa6 55. Rxf7+ Ke5 56. Be2 Ra2 57. Kf3 Rb2 58. Rh7 b5 59. Rxh6
Kd5 60. Rh7 b4 61. Rd7+ Kc5 62. Rd1 b3 63. g4 Rd2 64. Rxd2 Bxd2 65. Bd3 Kd5 66.
g5 Kd6 67. h5 Ke7 68. h6 Kf7 69. g6+ Kg8 70. Bc4 1-0

[Event "First Saturday IM Feb 2014"]
[Site "Budapest"]
[Date "2014.02.05"]
[Round "5.2"]
[White "Horvath, David"]
[Black "Nguyen, Thi Mai Hung"]
[Result "1-0"]
[WhiteElo "2339"]
[BlackElo "2276"]
[PlyCount "207"]
[EventDate "2014.02.01"]

1. c4 e6 2. Nf3 d5 3. g3 Nf6 4. Bg2 Be7 5. O-O O-O 6. b3 b6 7. Bb2 Bb7 8. e3
Nbd7 9. Nc3 Nc5 10. Ne5 Qc8 11. cxd5 exd5 12. d4 Nce4 13. Nxe4 Nxe4 14. Qc2 c5
15. dxc5 bxc5 16. Rfd1 Qe6 17. Rac1 Rfd8 18. Nd3 Qb6 19. Nf4 f5 20. f3 Ng5 21.
h4 Ne6 22. Qxf5 Nxf4 23. Qxf4 a5 24. Qg4 Bf8 25. f4 a4 26. h5 axb3 27. axb3 d4
28. exd4 Bxg2 29. Kxg2 Qxb3 30. Rd2 Ra2 31. Qe2 cxd4 32. Qc4+ Qxc4 33. Rxc4 Rb8
34. Bc1 Rxd2+ 35. Bxd2 Rd8 36. Kf3 g6 37. hxg6 hxg6 38. Rc7 Bg7 39. g4 Rd5 40.
Ke4 Rd8 41. Kd3 Rd5 42. Bb4 Bf6 43. Rb7 Bg7 44. Ba3 Ra5 45. Bb2 Rd5 46. Rc7 Rd8
47. Rc6 Kf7 48. Rc4 Rd7 49. Bxd4 Bxd4 50. Rxd4 Ra7 51. Ke3 Kg7 52. Rd3 Kf7 53.
Kf3 Kg7 54. Kg3 Rf7 55. Rd4 Ra7 56. Re4 Kf6 57. Re3 Rb7 58. Ra3 Rf7 59. Ra6+
Kg7 60. Re6 Kh7 61. Rc6 Kg7 62. Rd6 Kh7 63. Kf3 Re7 64. Rd5 Kg7 65. Re5 Ra7 66.
Rg5 Ra3+ 67. Kg2 Kf6 68. Rb5 Rc3 69. Kf2 Ra3 70. Re5 Rb3 71. Re3 Rb7 72. Kg3
Ra7 73. Rb3 Rf7 74. Kh4 Rh7+ 75. Kg3 Rf7 76. Kf3 Re7 77. Rb4 Kf7 78. Kg3 Kf6
79. Rb6+ Kg7 80. Kh4 Ra7 81. Rc6 Rb7 82. Rd6 Ra7 83. Re6 Kf7 84. Rb6 Kg7 85.
Rc6 Rb7 86. Ra6 Rc7 87. Kg5 Rc5+ 88. f5 gxf5 89. gxf5 Rc7 90. Rg6+ Kf7 91. Rh6
Rc1 92. Rh7+ Kg8 93. Re7 Kf8 94. Kf6 Ra1 95. Rf7+ Ke8 96. Rb7 Rf1 97. Rb8+ Kd7
98. Rf8 Rf2 99. Kg7 Rf3 100. f6 Rf1 101. Ra8 Rf2 102. f7 Rg2+ 103. Kh6 Rh2+
104. Kg5 1-0